| 000 | 01297nam0a2200325 4500 | ||
|---|---|---|---|
| 001 | RU\NLR\b_ik\189642 | ||
| 005 | 20250616231045.0 | ||
| 010 | _a978-5-288-050200-6 | ||
| 035 | _a(NLR Aleph) 002262111 | ||
| 090 |
_a3833671 _c3833671 |
||
| 100 | _a20110420d2010 |||y0rusy50 ca | ||
| 101 | 0 | _aeng | |
| 102 | _aRU | ||
| 105 | _aab ||||||||| | ||
| 200 | 1 |
_aSt Petersburg: a history in stone _fA.G. Bulakh, N.B. Abakumova, J.V. Romanovsky |
|
| 210 |
_aSt Petersburg _cSt Petersburg univ. press _d2010 |
||
| 215 |
_a173 с., [24] л. цв. ил. _cил., карт. _d22 |
||
| 300 | _aНа авантит.: Dedicated to the 75th Anniversary of Geol. fac. of St Petersburg state univ. | ||
| 320 | _aБиблиогр.: с. 161-164 | ||
| 320 | _aУказ.: с. 165-173 | ||
| 541 | 0 |
_aПетербург: история в камне _zrus |
|
| 607 |
_aСанкт-Петербург, город _xАрхитектура _91164142 _3RU\NLR\AUTH\66148477 |
||
| 686 | 1 | _aЩ113(2Р=Рус)92Санкт-Петербург | |
| 700 | 1 |
_aBulach _bA. G. _f1933- _gAndrej Glebovič _4070 |
|
| 701 | 1 |
_aAbakumova _bN. B. _f1935-1991 _gNatalija Borisovna _4070 |
|
| 701 | 1 |
_aRomanovskij _bI. V. _f1935- _gIosif Vladimirovič _4070 |
|
| 801 | 0 |
_aRU _bNLR _c20110420 _gRCR |
|
| 942 | _cBOOK | ||
| 980 | _aNB | ||